000
00207 a2200097 4500
001
38668
100
_a
Handa M
245
_a
Gate
260
_a
Lahore
_b
Sang-e-Meel Publishers
_c
1995
090
_c
24517
_d
24517
942
_a
NUST-CAE
_c
M
_c
16133
999
_c
273741
_d
273741